Historia de la civilización en Europa desde la caída del Imperio romano hasta la Revolución francesa / (Record no. 76774)
[ view plain ]
| 000 -LEADER | |
|---|---|
| campo de control de longitud fija | 00802nam a2200217 i 4500 |
| 001 - NÚMERO DE CONTROL | |
| campo de control | 76774 |
| 003 - IDENTIFICADOR DE NÚMERO DE CONTROL | |
| campo de control | ES-MaACL |
| 005 - FECHA Y HORA DE LA ÚLTIMA TRANSACCIÓN | |
| campo de control | 20250726063033.0 |
| 007 - CAMPO FIJO DE DESCRIPCIÓN FÍSICA--INFORMACIÓN GENERAL | |
| campo de control de longitud fija | t| |
| 008 - DATOS DE LONGITUD FIJA--INFORMACIÓN GENERAL | |
| campo de control de longitud fija | 041005s1935 sp |||| | spa d |
| 100 1# - ENTRADA PRINCIPAL--NOMBRE DE PERSONA | |
| Nombre de persona | Guizot, François, |
| Fechas asociadas al nombre | 1787-1874 |
| 9 (RLIN) | 127641 |
| 245 10 - MENCIÓN DEL TÍTULO | |
| Título | Historia de la civilización en Europa desde la caída del Imperio romano hasta la Revolución francesa / |
| Mención de responsabilidad, etc. | François Pierre-Guillaume Guizot ; traducción del francés por Fernando Vela. |
| 260 ## - PUBLICACIÓN, DISTRIBUCIÓN, ETC. | |
| Lugar de publicación, distribución, etc. | Madrid : |
| Nombre del editor, distribuidor, etc. | Revista de Occidente, |
| Fecha de publicación, distribución, etc. | [1935] ( |
| Fabricante | Galo Sáez) |
| 300 ## - DESCRIPCIÓN FÍSICA | |
| Extensión | XV, 321 p. ; |
| Dimensiones | 19 cm. |
| 490 1# - MENCIÓN DE SERIE | |
| Mención de serie | Libros del siglo XIX |
| 651 #4 - PUNTO DE ACCESO ADICIONAL DE MATERIA--NOMBRE GEOGRÁFICO | |
| Nombre geográfico | Europa- |
| Subdivisión general | Civilización. |
| 9 (RLIN) | 8584 |
| 700 1# - ENTRADA AGREGADA--NOMBRE PERSONAL | |
| Nombre de persona | Vela, Fernando. |
| 9 (RLIN) | 113674 |
| 830 1# - PUNTO DE ACCESO ADICIONAL DE SERIE-TÍTULO UNIFORME | |
| Título uniforme | Libros del siglo XIX |
| 9 (RLIN) | 183531 |
| 852 ## - LOCALIZACIÓN | |
| Ubicación | ES-MaACL |
| Número de control de estantería | D-5273 |
| Estatus retirado | Estado de pérdida | Estado de daño | No para préstamo | Biblioteca de origen | Biblioteca actual | Ubicación en estantería | Fecha de adquisición | Fuente de adquisición | Total de préstamos | Signatura topográfica completa | Código de barras | Visto por última vez | Precio de reemplazo | Tipo de ítem Koha |
|---|---|---|---|---|---|---|---|---|---|---|---|---|---|---|
| Biblioteca del Ateneo de Madrid | Biblioteca del Ateneo de Madrid | Sala Valle Inclán | 17/01/2008 | D-5273 | 901080333 | 23/02/2023 | 23/02/2023 | Libro impreso |
